Flaggen Wissen + - Statistiken

Allgemein
  • Dieses Quiz wurde 108 mal gespielt
  • Das Durchschnittsergebnis liegt bei 21 aus 48
Antwortstatistiken
Bildquiz Antwort % Korrekt
Grönland
81%
Mayotte
81%
Hongkong
78%
Färöer
76%
Isle of Man
76%
Puerto Rico
74%
Gibraltar
72%
Guam
71%
Französisch-Polynesien
62%
Macau
57%
Amerikanische Jungferninseln
55%
Cookinseln
53%
Jersey
53%
Kokosinseln
53%
Guernsey
50%
Amerikanisch-Samoa
48%
Bermuda
48%
Britische Jungferninseln
48%
Niue
48%
Norfolkinsel
48%
Aruba
47%
Neukaledonien
47%
Weihnachtsinsel
47%
Tokelau
43%
Anguilla
41%
Curaçao
41%
Falklandinseln
41%
Guadeloupe
38%
Nördliche Marianen
38%
Bonaire
36%
Französisch-Guayana
36%
Sint Maarten
36%
Britisches Territorium im Indischen Ozean
34%
Turks- und Caicosinseln
34%
Montserrat
33%
Pitcairninseln
33%
Saba
29%
St. Helena
28%
Südgeorgien und die Südlichen Sandwichinseln
26%
Saint-Pierre und Miquelon
22%
Wallis und Futuna
22%
Cayman Islands
19%
Sint Eustatius
19%
Tristan da Cunha
19%
Ascension
17%
Saint-Barthélemy
17%
Martinique
16%
Saint-Martin
16%
Keine übereinstimmenden Quizze gefunden
Verteilung der Resultate
Anzahl Personen mit jedem Resultat
Perzentil nach korrekt beantworteten Fragen
Ihre Resultats-Entwicklung
Sie haben dieses Quiz noch nicht gespielt